00534pab a2200157 454500008004000000100004200040245006500082260000900147300001100156362001200167650003500179773003400214909000900248999001500257952010400272180718b1988 xxu||||| |||| 00| 0 eng d aGhosh, A. D. Chakravarti and A. Sinha aimpact of rural incomes on the market for urban manufactures c1988 a2290-3 a29 Oct. aAgricultural Marketing - India aEconomic and Political Weekly a3553 c3553d3553 00104070aIIPAbIIPAd2018-07-19hVolume no: 23, Issue no: 44pAR3554r2018-07-19w2018-07-19yAR